Loading...
| Science - Chemistry | 1 | 6 | 0 | 4 | 75 | 60 | 114.43 | 0 | 3 | 0.00 | 0.00 |
| Science - Other | 0 | 6 | 1 | 3 | 55 | 97 | 124.67 | 0 | 1 | 0.00 | 0.00 |
| Science - Biology | 0 | 4 | 0 | 1 | 40 | 102 | 119.00 | 1 | 3 | 0.00 | 0.00 |
| Social Science | 0 | 2 | 0 | 1 | 20 | 137 | 138.50 | 0 | 1 | 0.00 | 0.00 |
| History - European | 1 | 0 | 0 | 0 | 15 | 62 | 62.00 | 0 | 1 | 0.00 | 0.00 |
| History - Other | 0 | 1 | 0 | 0 | 10 | 89 | 89.00 | 0 | 0 | 0.00 | 0.00 |
| Science - Math | 0 | 1 | 0 | 1 | 10 | 147 | 147.00 | 0 | 0 | 0.00 | 0.00 |
| Science - Physics | 0 | 2 | 2 | 1 | 10 | 106 | 119.50 | 0 | 0 | 0.00 | 0.00 |
| Current Events | 0 | 1 | 0 | 0 | 10 | 75 | 75.00 | 0 | 0 | 0.00 | 0.00 |
| Religion | 0 | 0 | 0 | 0 | 0 | 0.00 | 0 | 0 | 0.00 | 0.00 | |
| Other Academic | 0 | 0 | 0 | 0 | 0 | 0.00 | 0 | 0 | 0.00 | 0.00 |